| 000 | 00397nam a22001457a 4500 | ||
|---|---|---|---|
| 999 |
_c8996 _d8996 |
||
| 003 | GBCCL | ||
| 005 | 20241126110703.0 | ||
| 008 | 220215b ||||| |||| 00| 0 eng d | ||
| 040 | _cgbc | ||
| 082 |
_a241 _bISS |
||
| 245 |
_aLighted to lighten _cJoy Issac ; edited by Matthews Andrews |
||
| 260 |
_aSaikot, Manipur : _bJoy Issac infant Jesus Ministry, _c1994. |
||
| 300 | _a41p. ; | ||
| 942 |
_2ddc _cBK |
||